000 00276nam a2200109Ia 4500
008 220204s9999 xx 000 0 und d
082 _a066.097
_bPET
100 _aPeterson, Robert J
245 0 _aHydrogenation catalysts
260 _aNew Jersey
_bNoyes Data
_c1977
942 _cBK
999 _c28241
_d28241